Digital communications (Record no. 956)

000 -LEADER
fixed length control field 00508nam a2200205 a 4500
001 - CONTROL NUMBER
control field 956
003 - CONTROL NUMBER IDENTIFIER
control field BD-DhUET
008 - FIXED-LENGTH DATA ELEMENTS--GENERAL INFORMATION
fixed length control field 860516s1986 inua b 001 0 eng
020 ## - INTERNATIONAL STANDARD BOOK NUMBER
International Standard Book Number 0071181830
040 ## - CATALOGING SOURCE
Original cataloging agency DLC
Transcribing agency DLC
Modifying agency BD-DhUET
082 00 - DEWEY DECIMAL CLASSIFICATION NUMBER
Classification number 623.8
Item number PRO/2001
100 ## - MAIN ENTRY--PERSONAL NAME
Personal name Proakis, John G.
245 00 - TITLE STATEMENT
Title Digital communications
250 ## - EDITION STATEMENT
Edition statement 4th ed.
260 ## - PUBLICATION, DISTRIBUTION, ETC. (IMPRINT)
Place of publication, distribution, etc. Boston
Name of publisher, distributor, etc. McGraw-Hill
Date of publication, distribution, etc. 2001
300 ## - PHYSICAL DESCRIPTION
Extent xxi,1002p..
504 ## - BIBLIOGRAPHY, ETC. NOTE
Bibliography, etc Includes bibliographies

650 #0 - SUBJECT ADDED ENTRY--TOPICAL TERM
Topical term or geographic name as entry element Digital communications.
942 ## - ADDED ENTRY ELEMENTS (KOHA)
Koha item type General Book
Holdings
Piece designation (barcode) Koha item type Koha date last seen Damaged status Lost status Koha date last borrowed Source of classification or shelving scheme Koha full call number Koha issues (times borrowed) Date acquired Price effective from Koha normalized classification for sorting Withdrawn status Copy number Not for loan Shelving location Sublocation or collection (holding branch) Location (home branch)
103342General Book2014-08-26    623.8/PRO/2001 2014-08-262014-08-26623_000000000000000_8PRO2001 1 Circulation sectionCentral Library, BUETCentral Library, BUET
103344General Book2017-07-30    623.8/PRO/2001 2014-08-262014-08-26623_000000000000000_8PRO2001 2 Circulation sectionCentral Library, BUETCentral Library, BUET
103345General Book2015-06-08    623.8/PRO/2001 2014-08-262014-08-26623_000000000000000_8PRO2001 3 Circulation sectionCentral Library, BUETCentral Library, BUET
103346General Book2015-08-18  2015-05-20 623.8/PRO/200112014-08-262014-08-26623_000000000000000_8PRO2001 4 Circulation sectionCentral Library, BUETCentral Library, BUET
103347General Book2014-08-26    623.8/PRO/2001 2014-08-262014-08-26623_000000000000000_8PRO2001 5 Circulation sectionCentral Library, BUETCentral Library, BUET
103348General Book2018-08-29  2018-08-06 623.8/PRO/200122014-08-262014-08-26623_000000000000000_8PRO2001 6 Circulation sectionCentral Library, BUETCentral Library, BUET
103349General Book2018-09-11  2018-08-29 623.8/PRO/200112014-08-262014-08-26623_000000000000000_8PRO2001 7 Circulation sectionCentral Library, BUETCentral Library, BUET
103350General Book2015-08-16    623.8/PRO/2001 2014-08-262014-08-26623_000000000000000_8PRO2001 8 Circulation sectionCentral Library, BUETCentral Library, BUET
107674General Book2015-03-01    623.8/PRO/2001 2014-08-262014-08-26623_000000000000000_8PRO2001 9 Circulation sectionCentral Library, BUETCentral Library, BUET
103343General Book2018-09-09  2018-08-28 623.8/PRO/200112007-05-072017-05-16623_800000000000000_PRO_2001 10 Circulation sectionCentral Library, BUETCentral Library, BUET